Complete These Movie Quotes #3 - Statistics

General Stats
  • This quiz has been taken 83 times
  • The average score is 13 of 20
Answer Stats
Movie Quote % Correct
Star Wars May the Force {be} {with} {you}
100%
The Godfather: Part II Keep your friends close, but your {enemies} {closer}
96%
The Wizard of Oz There's no place {like} {home}
96%
White Heat Made it, Ma! Top of {the} {world}!
94%
The Shining Here's {Johnny}!
87%
When Harry Met Sally I'll {have} what she's {having}
84%
The Pride of the Yankees Today, I consider myself the luckiest man on the face of {the} {earth}
84%
Some Like It Hot Well, nobody's {perfect}
84%
Dirty Dancing Nobody puts Baby in a {corner}
81%
Love Story Love means never having to {say} you're {sorry}
78%
Casablanca Play it, Sam. Play "As Time {Goes} {By}"
77%
The Graduate Mrs. Robinson, you're {trying} {to} {seduce} me. Aren't you?
69%
On The Waterfront You don't understand! I coulda had class. I coulda been a contender. I could've been somebody, instead of a bum, which is {what} {I} {am}
68%
Casablanca We'll always have {Paris}
57%
Animal Crackers One morning I shot an {elephant} in my pajamas. How he got in my pajamas, I don't know
53%
2001: A Space Odyssey Open the pod bay doors, {HAL}
51%
Dracula Listen to them. Children of the night. What {music} they make
44%
On Golden Pond You're my knight in shining armor. Don't you forget it. You're going to get back on that horse, and I'm going to be right {behind} you, holding on tight, and away we're gonna {go}, {go}, {go}!
27%
Little Caesar Mother of mercy, is this the end of {Rico}?
12%
Auntie Mame Life is a banquet, and most poor suckers are {starving} {to} {death}!
8%
No matching quizzes found
Score Distribution
Percent of People with Each Score
Percentile by Number Answered
Your Score History
You have not taken this quiz